LEADER 01265nam a2200277 4500 001 000000351662 003 CaOOAMICUS 005 20220927154647.0 008 220927s2022 it 000 u ita r 020 $a978-88-581-4752-8 040 $aSeMil$bita 100 1 $aFirpo, Massimo,$d<1946- >.$0(OLS)http://semarc/name/719 245 13$aIl Beneficio di Cristo e l'eresia italiana del '500 /$cMassimo Firpo, Guillaume Alonge. 264 1$aRoma ;$aBari :$bGLF editori Laterza,$c2022. 300 $aXXI, 376 p. ;$c21 cm 490 1 $aStoria e societą 650 4$aBenedetto : da Mantova . Beneficio di Cristo.$0(OLS)http://semarc/subject/20261 650 4$aEresie - Italia - Sec. 16.$0(OLS)http://semarc/subject/13614 700 1 $aAlonge, Guillaume.$0(OLS)http://semarc/name/116527 830 0$aStoria e societą.$0(OLS)http://semarc/title/2818 850 $aSeMil 852 $aSeMil$W1$xVenegono$y1$m3A II 422$j234622$B242850$CSeMilBibl$Z2$F242850 $81 996 $6020$a978-88-581-4752-8$9(OLS)http://semarc/number/296761 996 $6245$aIl Beneficio di Cristo e l'eresia italiana del '500$9(OLS)http://semarc/title/441466 996 $6264$aRoma ;$aBari :$bGLF editori Laterza$9(OLS)http://semarc/publisher/37788 LEADER 01096nam a2200229 i 4500 001 000000179547 003 CaOOAMICUS 005 20090516000000.0 008 090516s1981 it u000 u ita u 013 $a157124 040 $aSeMil$bita 245 13$aLa cittą in Italia e in Germania nel Medioevo :$bcultura, istituzioni, vita religiosa /$ca cura di Reinhard Elze e Gina Fasoli. 260 $aBologna :$bIl Mulino,$c1981. 300 $a333 p. ;$c24 cm. 490 0 $aAnnali dell'Istituto storico italo-germanico in Trento. Quaderni ;$v8 700 1 $aFasoli, Gina.$0(OLS)http://semarc/name/49628 700 1 $aElze, Reinhard.$0(OLS)http://semarc/name/9637 830 0$aAnnali dell'Istituto storico italo-germanico in Trento. Quaderni ;$v8.$0(OLS)http://semarc/title/15483 850 $aSeMil 852 $aSeMil$W1$xVenegono$y1$m3B II 175$j130309$B130309$CSeMilBibl$Z2$F141780 $81 996 $6245$aLa cittą in Italia e in Germania nel Medioevo :$bcultura, istituzioni, vita religiosa$9(OLS)http://semarc/title/257790 996 $6260$aBologna :$bIl Mulino$9(OLS)http://semarc/publisher/29842